00565nam a2200181Ia 4500003000400000005001700004008004100021040000600062041000800068082001200076100001900088245002400107260004100131520004400172942001200216999001700228952013800245OSt20251117105709.0240719s9999 xx 000 0 und d c1 aeng a823 JAC aJackson Holly  aGood Girl Bad Blood aLondonbFarshore HarperCollinsc2021 aFaculty Purchase By Dr. Jitendra Sharma 2ddccBK c41504d41504 00104070aIMTNbIMTNcRack 40-Bd2024-07-16eAmazonl5o823 JACp33553q2026-03-10r2026-01-06 16:15:52s2026-01-06w2024-06-28yBK